| 000 | 00999cab a2200217 4500 | ||
|---|---|---|---|
| 001 | ABS47271 | ||
| 008 | 090401t1992 xxu||||| |||| 00| 0 eng d | ||
| 035 | _a(Sirsi) u61326 | ||
| 041 | _aeng | ||
| 245 | _aSwordheath Properties Ltd v Bolt and another | ||
| 260 | _c1992 | ||
| 350 | _a0 | ||
| 490 |
_aEstates Gazette _v(1992) 38 EG 152-155(2) |
||
| 520 | _aCA 9 June 1992. In an action for possession by the plaintiffs (S), as owners of a lease reversion, the assignees (B) paid the claimed arrears of rent plus the fixed costs of proceedings to avert loss of their tenancy, but only after being debarred from defence by counterclaim. The extra costs, though, arising from the disputed counterclaim were not included. S failed in a lower court to recover these but succeeded at the Court of Appeal. | ||
| 650 | _aCOUNTY COURTS ACT 1984 | ||
| 650 | _aDISCOVERY | ||
| 650 | _aRETURN DAY | ||
| 690 | _aLANDLORD AND TENANT-CASE LAW-RESIDENTIAL TENANCIES | ||
| 942 | _n0 | ||
| 948 | _c04/03/1997 | ||
| 999 |
_c37970 _d37970 |
||